Modificación química de copolímeros estireno-butadieno /
Guardado en:
| Autor Principal: | |
|---|---|
| Otros Autores: | , |
| Formato: | Manuscrito |
| Idioma: | Spanish |
| Publicado: |
2006.
|
| Materias: | |
| Etiquetas: |
Agregar Etiqueta
Sin Etiquetas, Sea el primero en etiquetar este registro!
|
| LEADER | 01059ntm a22002415a 4500 | ||
|---|---|---|---|
| 001 | EUN.eunm001022 | ||
| 005 | 20170712090106.0 | ||
| 008 | 060628s2006####ag#a#####bm###000#0#spa#d | ||
| 100 | 1 | |a Lassalle, Verónica L. | |
| 245 | 1 | 0 | |a Modificación química de copolímeros estireno-butadieno / |c Verónica L. Lassalle. |
| 260 | |c 2006. | ||
| 300 | |a xxvii, 209 h. : |b il. ; |c 30 cm. | ||
| 500 | |a Director de tesis: Enrique M. Vallés ; co-dirección Marcelo D. Failla. | ||
| 502 | |a Tesis (doctoral)--Universidad Nacional del Sur. Departamento de Química, 2006. | ||
| 504 | |a Incluye referencias bibliográficas al final de cada capítulo. | ||
| 650 | 7 | |a Química. |2 unbist | |
| 650 | 7 | |a Química de los polímeros. |2 unbist | |
| 650 | 7 | |a Caucho. |2 unbist | |
| 700 | 1 | |a Vallés, Enrique Marcelo. | |
| 700 | 1 | |a Failla, Marcelo Daniel. | |
| 710 | 2 | |a Universidad Nacional del Sur. |b Departamento de Química. |4 dgg. | |
| 859 | |a AR-BaUNS |b BIB. CENTRAL - Tesis |h 040 |i B148 2006-748 |k R |p 116896/006 | ||
| 859 | |a AR-BaUNS |b BIB. CENTRAL - Sector A - Tesis |h 040 |i B148 2006-748 |p 116897/006 | ||
